000 00261nam a22001097a 4500
008 230704b xxu||||| |||| 00| 0 eng d
082 _a362.7
_bUNI 2003
245 _aBuilding a World Fit for Children
260 _bUNICEF
_c2003
300 _a23p
942 _2ddc
_cBK
999 _c3818
_d3818